000 00301nam a2200109Ia 4500
008 240109s9999 xx 000 0 und d
041 _aeng
100 _aE.Jerome McCarthy
245 _aEssentials of Marketing
260 _bRichard D Irwin ,Homewood,Irvin Dersey Ltd.Ontario
650 _aManagement
999 _c1020883
_d1020883